Historical Flags - Statistics

General Stats
  • This quiz has been taken 564 times
  • The average score is 14 of 20
Answer Stats
Picture Hint Answer % Correct
Asia Cyprus
97%
Europe Italy
96%
North America Mexico
93%
Europe Bulgaria
92%
Asia Sri Lanka
90%
Asia Iran
85%
South America Colombia
84%
Europe Greece
81%
Africa Liberia
78%
Europe Spain
78%
Europe Ukraine
74%
Oceania Papua New Guinea
70%
Asia Afghanistan
69%
South America Peru
64%
Asia India
53%
Africa Zimbabwe
52%
Africa Mali
51%
Europe Estonia
50%
Africa Tanzania
45%
Oceania Kiribati
26%
No matching quizzes found
Score Distribution
Percent of People with Each Score
Percentile by Number Answered
Your Score History
You have not taken this quiz